[Event "Titled Tuesday intern op 29th Dec"]
[Site "Chess.com INT"]
[Date "2020.12.29"]
[Round "6"]
[White "Comsa, Ciprian Mihai"]
[Black "Ghimpu, Samuel Timotei"]
[Result "0-1"]
[WhiteElo "1893"]
[BlackElo "2313"]
[PlyCount "72"]
[EventDate "2020.12.29"]
[EventType "swiss (blitz)"]
[EventRounds "11"]
[EventCountry "USA"]
[SourceTitle "CBM 200 Extra"]
[Source "ChessBase"]
[SourceDate "2021.03.31"]
[SourceVersion "1"]
[SourceVersionDate "2021.03.31"]
[SourceQuality "1"]

1. e4 e6 2. d4 d5 3. exd5 exd5 4. Nf3 Nf6 5. Bd3 c5 6. c3 c4 7. Be2 Bd6 8. 0-0 0-0 9. b3 cxb3 10. axb3 Nc6 11. Bg5 Re8 12. Nbd2 h6 13. Bh4 a6 14. Bd3 Bg4 15. Re1 Rxe1+ 16. Qxe1 Rc8 17. h3 Be6 18. Ne5 Be7 19. Nxc6 Rxc6 20. Nf3 Qc7 21. Bg3 Qc8 22. c4 Rb6 23. c5 Rxb3 24. Bc2 Rb2 25. Qc3 Rxc2 26. Qxc2 Ne4 27. Bh2 Bf6 28. Rb1 Bd7 29. Ne5 Bxe5 30. Bxe5 f6 31. Bh2 Bc6 32. f3 Ng5 33. Qg6 Bb5 34. h4 Nf7 35. Re1 a5 36. Re7 Be8 0-1

[Event "Titled Tuesday intern op 29th Dec"]
[Site "Chess.com INT"]
[Date "2020.12.29"]
[Round "9"]
[White "Novik, Maxim"]
[Black "Comsa, Ciprian Mihai"]
[Result "1-0"]
[WhiteElo "2434"]
[BlackElo "1893"]
[PlyCount "53"]
[EventDate "2020.12.29"]
[EventType "swiss (blitz)"]
[EventRounds "11"]
[EventCountry "USA"]
[SourceTitle "CBM 200 Extra"]
[Source "ChessBase"]
[SourceDate "2021.03.31"]
[SourceVersion "1"]
[SourceVersionDate "2021.03.31"]
[SourceQuality "1"]

1. d4 d5 2. c4 e6 3. Nc3 Nf6 4. cxd5 exd5 5. Bg5 Be7 6. e3 0-0 7. Bd3 c6 8. Nge2 Nbd7 9. 0-0 Re8 10. f3 Nf8 11. e4 dxe4 12. fxe4 Ne6 13. Bxf6 Bxf6 14. e5 Bg5 15. Kh1 g6 16. Bc4 b5 17. Bb3 b4 18. Ne4 Ba6 19. Nd6 Rf8 20. Nxf7 Qe7 21. Nxg5 Qxg5 22. Bxe6+ Kg7 23. Rxf8 Rxf8 24. Ng3 h5 25. Qc1 Qe7 26. Qxc6 Bb7 27. Qd6 1-0

[Event "Chess.com Bullet op1"]
[Site "Chess.com INT"]
[Date "2020.12.19"]
[Round "10"]
[White "Comsa, Ciprian Mihai"]
[Black "Atanejhad, Sahebali"]
[Result "0-1"]
[WhiteElo "1893"]
[BlackElo "2123"]
[PlyCount "34"]
[EventDate "2020.12.19"]
[EventType "swiss (blitz)"]
[EventRounds "21"]
[EventCountry "USA"]
[SourceTitle "EXT 2022"]
[Source "ChessBase"]
[SourceDate "2021.10.06"]
[SourceVersion "1"]
[SourceVersionDate "2021.10.06"]
[SourceQuality "1"]

1. e4 c5 2. c3 d6 3. d4 cxd4 4. cxd4 e6 5. Nf3 Ne7 6. Bd3 Nd7 7. 0-0 Ng6 8. Qe2 Be7 9. Nc3 0-0 10. a3 b6 11. e5 Bb7 12. h4 Bxh4 13. Nxh4 Qxh4 14. exd6 Nf6 15. Nb5 Ng4 16. Qxg4 Qxg4 17. Nc7 Qxg2# 0-1

[Event "Chess.com Bullet op1"]
[Site "Chess.com INT"]
[Date "2020.12.19"]
[Round "16"]
[White "Comsa, Ciprian Mihai"]
[Black "Jakubowska, Anna"]
[Result "1-0"]
[WhiteElo "1893"]
[BlackElo "2073"]
[PlyCount "67"]
[EventDate "2020.12.19"]
[EventType "swiss (blitz)"]
[EventRounds "21"]
[EventCountry "USA"]
[SourceTitle "EXT 2022"]
[Source "ChessBase"]
[SourceDate "2021.10.06"]
[SourceVersion "1"]
[SourceVersionDate "2021.10.06"]
[SourceQuality "1"]

1. e4 c6 2. c3 d5 3. exd5 cxd5 4. d4 Nf6 5. Nf3 Nc6 6. Bd3 Bg4 7. Bf4 e6 8. 0-0 Bd6 9. Bxd6 Qxd6 10. Nbd2 0-0 11. Re1 h6 12. Qe2 Bxf3 13. Nxf3 Rfe8 14. Ne5 a6 15. a4 Qc7 16. f4 Nxe5 17. fxe5 Nd7 18. Rf1 Nf8 19. Rf3 Re7 20. Raf1 Rc8 21. Rg3 Qc6 22. Qg4 g6 23. Rh3 Kh7 24. Qg5 f5 25. Qxe7+ Kg8 26. Rxh6 Rc7 27. Qf6 Rg7 28. g4 Qxa4 29. gxf5 gxf5+ 30. Kh1 Qa2 31. Rg1 Rxg1+ 32. Kxg1 Qa1+ 33. Bf1 Qc1 34. Rh8# 1-0

[Event "Chess.com Bullet op1"]
[Site "Chess.com INT"]
[Date "2020.12.19"]
[Round "20"]
[White "Cramling Bellon, Anna"]
[Black "Comsa, Ciprian Mihai"]
[Result "1-0"]
[WhiteElo "2035"]
[BlackElo "1893"]
[PlyCount "37"]
[EventDate "2020.12.19"]
[EventType "swiss (blitz)"]
[EventRounds "21"]
[EventCountry "USA"]
[SourceTitle "EXT 2022"]
[Source "ChessBase"]
[SourceDate "2021.10.06"]
[SourceVersion "1"]
[SourceVersionDate "2021.10.06"]
[SourceQuality "1"]

1. d4 d5 2. c4 e6 3. Nc3 Nf6 4. Nf3 Be7 5. Bg5 0-0 6. e3 h6 7. Bh4 b6 8. cxd5 exd5 9. Bd3 Be6 10. 0-0 Nbd7 11. Rc1 c5 12. Bb1 Nh7 13. Qc2 Nhf6 14. dxc5 Bxc5 15. Ne5 Re8 16. Nxd7 Bxd7 17. Bxf6 Qxf6 18. Qh7+ Kf8 19. Nxd5 1-0

[Event "Titled Tuesday intern op 4th Aug 10am"]
[Site "Chess.com INT"]
[Date "2020.08.04"]
[Round "2"]
[White "Comsa, Ciprian Mihai"]
[Black "Radovanovic, Nikola"]
[Result "0-1"]
[WhiteElo "1893"]
[BlackElo "2377"]
[PlyCount "92"]
[EventDate "2020.08.04"]
[EventType "swiss (blitz)"]
[EventRounds "10"]
[EventCountry "USA"]
[SourceTitle "CBM 197 Extra"]
[Source "ChessBase"]
[SourceDate "2020.09.30"]
[SourceVersion "1"]
[SourceVersionDate "2020.09.30"]
[SourceQuality "1"]

1. e4 e5 2. Nf3 Nc6 3. Bc4 Be7 4. d4 d6 5. dxe5 Nxe5 6. Nxe5 dxe5 7. Qxd8+ Bxd8 8. 0-0 Nf6 9. f3 c6 10. a4 Bb6+ 11. Kh1 a5 12. c3 h5 13. h4 Ke7 14. Bg5 Be6 15. Bxe6 Kxe6 16. Nd2 Nh7 17. Nc4 Bc5 18. Be3 Bxe3 19. Nxe3 g6 20. Kg1 Rhd8 21. Rfd1 Nf6 22. Nc4 Rxd1+ 23. Rxd1 Ne8 24. Kf2 b5 25. axb5 cxb5 26. Ne3 a4 27. Nd5 a3 28. bxa3 Rxa3 29. Rb1 Ra2+ 30. Kg3 Ra5 31. Kf2 Nd6 32. Rb2 f5 33. Rb4 fxe4 34. fxe4 Nxe4+ 35. Rxe4 Kxd5 36. Re3 e4 37. Rg3 Ra6 38. Ke3 Re6 39. Rg5+ Kc4 40. g3 Rb6 41. Kxe4 Kxc3 42. Rc5+ Kd2 43. Rd5+ Ke2 44. Kd4 b4 45. Kc5 Rb8 46. Rg5 b3 0-1

[Event "Titled Tuesday intern op 7th July"]
[Site "Chess.com INT"]
[Date "2020.07.07"]
[Round "1"]
[White "Gusarov, Grigory"]
[Black "Comsa, Ciprian Mihai"]
[Result "1-0"]
[WhiteElo "2354"]
[BlackElo "1893"]
[PlyCount "95"]
[EventDate "2020.07.07"]
[EventType "swiss (blitz)"]
[EventRounds "10"]
[EventCountry "USA"]
[SourceTitle "CBM 197 Extra"]
[Source "ChessBase"]
[SourceDate "2020.09.30"]
[SourceVersion "1"]
[SourceVersionDate "2020.09.30"]
[SourceQuality "1"]

1. d4 d5 2. Nf3 e6 3. c4 Nf6 4. Nc3 Be7 5. Bg5 h6 6. Bh4 b6 7. Bxf6 Bxf6 8. cxd5 exd5 9. e3 0-0 10. Bd3 Be6 11. 0-0 Nd7 12. Rc1 c5 13. dxc5 bxc5 14. b3 Qa5 15. Na4 Rfc8 16. Qd2 Qxd2 17. Nxd2 Ne5 18. Ba6 Rc7 19. Rxc5 Rxc5 20. Nxc5 Bf5 21. Rc1 Rd8 22. Nf3 Nxf3+ 23. gxf3 Bc8 24. Bxc8 Rxc8 25. Nd3 Rxc1+ 26. Nxc1 Kf8 27. f4 Ke7 28. Kf1 Kd6 29. Ke2 a5 30. Nd3 Bc3 31. f3 f5 32. h3 g5 33. fxg5 hxg5 34. Nf2 Bf6 35. Kd3 Kc5 36. e4 fxe4+ 37. fxe4 Be7 38. e5 Kb4 39. Kc2 Ka3 40. Kb1 a4 41. bxa4 Kxa4 42. Nd3 Kb5 43. Kc2 Kc4 44. a4 Bd8 45. e6 d4 46. a5 Kd5 47. a6 Bb6 48. e7 1-0

[Event "Midwest-ch Collegiate"]
[Site "Columbia"]
[Date "2019.10.05"]
[Round "3"]
[White "Chandra, Akshat"]
[Black "Comsa, Ciprian Mihai"]
[Result "1/2-1/2"]
[WhiteElo "2513"]
[BlackElo "1835"]
[PlyCount "131"]
[EventDate "2019.10.04"]
[EventType "swiss"]
[EventRounds "5"]
[EventCountry "USA"]
[SourceTitle "EXT 2020"]
[Source "ChessBase"]
[SourceDate "2019.10.17"]
[SourceVersion "1"]
[SourceVersionDate "2019.10.17"]
[SourceQuality "1"]

1. d4 d5 2. c4 e6 3. Nc3 Nf6 4. cxd5 exd5 5. Bg5 Be7 6. e3 0-0 7. Bd3 c6 8. Qc2 Nbd7 9. Nf3 Re8 10. 0-0 h6 11. Bh4 Ne4 12. Bxe7 Qxe7 13. b4 Qxb4 14. Nxe4 dxe4 15. Bxe4 Nf6 16. Bd3 Be6 17. Ne5 Nd5 18. Rfb1 Qe7 19. Qb2 Nb6 20. a4 Rab8 21. a5 Nd7 22. Nxd7 Qxd7 23. Ra4 Bf5 24. Bxf5 Qxf5 25. Rb4 Re7 26. Qa3 Rc7 27. Rc1 Rd8 28. h3 Rd5 29. Qb3 Rxa5 30. Rxb7 Rxb7 31. Qxb7 Ra2 32. Qb8+ Kh7 33. Qg3 Rc2 34. Rxc2 Qxc2 35. Qc7 Qb1+ 36. Kh2 Qf5 37. Qxc6 Qxf2 38. Qe4+ f5 39. Qe5 g5 40. d5 f4 41. exf4 gxf4 42. Qe7+ Kg6 43. Qe6+ Kg7 44. Qe5+ Kg6 45. Qe8+ Kg7 46. Qe7+ Kg6 47. h4 f3 48. Qe6+ Kg7 49. Qe5+ Kf7 50. Qc7+ Kf6 51. Qf4+ Kg7 52. Qe5+ Kf7 53. Qe6+ Kg7 54. Qe7+ Kg6 55. Qe8+ Kg7 56. Qd7+ Kf6 57. Qc6+ Kg7 58. Qc7+ Kf6 59. Qf4+ Kg7 60. Qg4+ Kf6 61. Qe6+ Kg7 62. Qe7+ Kg6 63. Qe6+ Kg7 64. Qd7+ Kf6 65. Qd6+ Kf7 66. Qe6+ 1/2-1/2

[Event "Midwest-ch Collegiate blitz"]
[Site "Columbia"]
[Date "2019.10.03"]
[Round "1"]
[White "Chandra, Akshat"]
[Black "Comsa, Ciprian Mihai"]
[Result "1-0"]
[WhiteElo "2513"]
[BlackElo "1835"]
[PlyCount "123"]
[EventDate "2019.10.03"]
[EventType "swiss (blitz)"]
[EventRounds "9"]
[EventCountry "USA"]
[SourceTitle "EXT 2020"]
[Source "ChessBase"]
[SourceDate "2019.10.17"]
[SourceVersion "1"]
[SourceVersionDate "2019.10.17"]
[SourceQuality "1"]

1. e4 e5 2. Nf3 Nc6 3. Bb5 Nf6 4. d3 Bc5 5. Bxc6 dxc6 6. Nbd2 Bd6 7. Nc4 Qe7 8. h3 b5 9. Ne3 h6 10. Qe2 0-0 11. g4 Nh7 12. Nf5 Bxf5 13. gxf5 c5 14. Bd2 a5 15. 0-0-0 Rfb8 16. Rdg1 Kh8 17. h4 c4 18. dxc4 bxc4 19. Qxc4 Bb4 20. Be3 Nf6 21. Ne1 Nd7 22. Nd3 Nb6 23. Qc6 Bd6 24. Rg4 Nd7 25. Rhg1 Rg8 26. Rxg7 Rxg7 27. Qxa8+ Qf8 28. Qxf8+ Bxf8 29. Rxg7 Kxg7 30. f3 h5 31. Bf2 Be7 32. Bg3 Bd6 33. c3 Nb6 34. b3 f6 35. Kc2 Kf7 36. b4 axb4 37. cxb4 Nc4 38. a4 Ne3+ 39. Kb3 Nf1 40. Be1 Nh2 41. a5 c6 42. a6 Bb8 43. Bf2 Nxf3 44. a7 Bxa7 45. Bxa7 Nd2+ 46. Kc3 Nxe4+ 47. Kc4 Ke7 48. Bc5+ Kd7 49. Nf2 Ng3 50. Be3 Nxf5 51. Bd2 Nxh4 52. Ne4 f5 53. Ng3 f4 54. Nxh5 f3 55. Ng3 Nf5 56. Nxf5 f2 57. Ne3 Kd6 58. Nf1 e4 59. Be3 Kd7 60. Bxf2 Kd6 61. Bg3+ Kd7 62. Kc5 1-0

[Event "Midwest-ch Collegiate blitz"]
[Site "Columbia"]
[Date "2019.10.03"]
[Round "5"]
[White "Comsa, Ciprian Mihai"]
[Black "Gordievsky, Dmitry"]
[Result "0-1"]
[WhiteElo "1835"]
[BlackElo "2579"]
[PlyCount "52"]
[EventDate "2019.10.03"]
[EventType "swiss (blitz)"]
[EventRounds "9"]
[EventCountry "USA"]
[SourceTitle "EXT 2020"]
[Source "ChessBase"]
[SourceDate "2019.10.17"]
[SourceVersion "1"]
[SourceVersionDate "2019.10.17"]
[SourceQuality "1"]

1. e4 g6 2. d4 Bg7 3. Nf3 d6 4. Be2 Nf6 5. Nc3 0-0 6. 0-0 a6 7. a4 Nc6 8. Be3 e6 9. Nd2 b6 10. f4 Bb7 11. e5 Nd7 12. Bf3 Qb8 13. Nc4 Ne7 14. Bxb7 Qxb7 15. exd6 Nf5 16. Qd2 cxd6 17. g4 Nxe3 18. Qxe3 Qc6 19. Nd2 b5 20. axb5 axb5 21. Nb3 b4 22. Ne4 Qxc2 23. Nxd6 Rxa1 24. Rxa1 Nf6 25. Rc1 Qxb2 26. Nc4 Nxg4 0-1

[Event "Titled Tuesday intern op 1st Oct"]
[Site "Chess.com INT"]
[Date "2019.10.01"]
[Round "7"]
[White "Grochal, Joey"]
[Black "Comsa, Ciprian Mihai"]
[Result "1-0"]
[WhiteElo "2315"]
[BlackElo "1835"]
[PlyCount "101"]
[EventDate "2019.10.01"]
[EventType "swiss (blitz)"]
[EventRounds "10"]
[EventCountry "USA"]
[SourceTitle "EXT 2021"]
[Source "ChessBase"]
[SourceDate "2020.10.23"]
[SourceVersion "1"]
[SourceVersionDate "2020.10.23"]
[SourceQuality "1"]

1. d4 d5 2. c4 e6 3. Nf3 Nf6 4. Nc3 Be7 5. Bf4 0-0 6. e3 b6 7. cxd5 Nxd5 8. Nxd5 Qxd5 9. a3 c5 10. Rc1 Bb7 11. Bd3 Nc6 12. dxc5 Bxc5 13. Ng5 h6 14. Ne4 Rad8 15. Nxc5 bxc5 16. Bf1 Qxd1+ 17. Rxd1 Rxd1+ 18. Kxd1 Rd8+ 19. Kc1 Na5 20. f3 Nb3+ 21. Kc2 Nd2 22. Be2 Bc6 23. e4 Ba4+ 24. Kc3 Nb3 25. Bd1 Nd4 26. Bc7 Rd7 27. Bxa4 Rxc7 28. Kc4 Ne2 29. Rd1 Nf4 30. g3 Ng6 31. f4 Kf8 32. Rd8+ Ke7 33. Re8+ Kf6 34. Bc2 e5 35. f5 Ne7 36. Rd8 Nc6 37. Rd6+ Ke7 38. Rd5 f6 39. Rxc5 Na5+ 40. Kb5 Rxc5+ 41. Kxc5 Nb7+ 42. Kc6 Na5+ 43. Kb5 Nb7 44. b4 Kd7 45. Ka6 Nd6 46. Kxa7 Nb5+ 47. Ka6 Nxa3 48. Bd3 Kc7 49. b5 Kb8 50. b6 Kc8 51. Ka5 1-0

[Event "Titled Tuesday intern op 1st Oct"]
[Site "Chess.com INT"]
[Date "2019.10.01"]
[Round "4"]
[White "Hjartarson, Johann"]
[Black "Comsa, Ciprian Mihai"]
[Result "1-0"]
[WhiteElo "2509"]
[BlackElo "1835"]
[PlyCount "151"]
[EventDate "2019.10.01"]
[EventType "swiss (blitz)"]
[EventRounds "10"]
[EventCountry "USA"]
[SourceTitle "EXT 2021"]
[Source "ChessBase"]
[SourceDate "2020.10.23"]
[SourceVersion "1"]
[SourceVersionDate "2020.10.23"]
[SourceQuality "1"]

1. e4 e5 2. Nf3 Nc6 3. Nc3 Nf6 4. Bb5 Bc5 5. Bxc6 dxc6 6. d3 Bg4 7. h3 Bh5 8. Qe2 Qe7 9. Be3 0-0-0 10. Bxc5 Qxc5 11. Qe3 Qxe3+ 12. fxe3 Bxf3 13. gxf3 Nh5 14. Rg1 g6 15. Kd2 Rhf8 16. Raf1 f5 17. Rg5 Kd7 18. exf5 Rxf5 19. Rxf5 gxf5 20. Rg1 Ke6 21. b4 Nf6 22. Rg7 Rd7 23. Rg5 Rd8 24. Ne2 Rg8 25. Rxg8 Nxg8 26. f4 Ne7 27. c4 Ng6 28. a4 Nh4 29. fxe5 Kxe5 30. Nf4 Ng6 31. d4+ Ke4 32. Nd3 b6 33. Ke2 f4 34. Nf2+ Kf5 35. e4+ Ke6 36. Kf3 h5 37. Nd3 Nh4+ 38. Kxf4 Ng2+ 39. Kg5 Ne3 40. c5 Nc2 41. Nf4+ Kf7 42. Nxh5 Nxd4 43. Nf4 a5 44. bxa5 bxa5 45. h4 Nb3 46. h5 Nxc5 47. e5 Ne4+ 48. Kf5 Ng3+ 49. Kg4 Ne4 50. h6 c5 51. e6+ Kf6 52. Nh5+ Kg6 53. e7 Nd6 54. h7 Kxh7 55. Nf6+ Kg6 56. e8Q+ Nxe8 57. Nxe8 Kf7 58. Nxc7 Ke7 59. Kf4 Kd6 60. Nb5+ Kd5 61. Ke3 Kc4 62. Kd2 Kb3 63. Nc3 Kb4 64. Kc2 Kc4 65. Na2 Kd4 66. Kb3 c4+ 67. Kc2 Kc5 68. Kc3 Kd5 69. Nc1 Kc5 70. Ne2 Kd5 71. Nd4 Kc5 72. Nb5 Kd5 73. Na3 Kc5 74. Nxc4 Kd5 75. Nxa5 Kc5 76. Nc4 1-0

[Event "Titled Tuesday intern op 1st Oct"]
[Site "Chess.com INT"]
[Date "2019.10.01"]
[Round "3"]
[White "Lim, Zhuo Ren"]
[Black "Comsa, Ciprian Mihai"]
[Result "0-1"]
[WhiteElo "2245"]
[BlackElo "1835"]
[PlyCount "42"]
[EventDate "2019.10.01"]
[EventType "swiss (blitz)"]
[EventRounds "10"]
[EventCountry "USA"]
[SourceTitle "EXT 2021"]
[Source "ChessBase"]
[SourceDate "2020.10.23"]
[SourceVersion "1"]
[SourceVersionDate "2020.10.23"]
[SourceQuality "1"]

1. d4 d5 2. Nf3 e6 3. c4 Nf6 4. g3 Be7 5. Bg2 0-0 6. Nc3 b6 7. cxd5 Nxd5 8. Nxd5 exd5 9. 0-0 Be6 10. Bf4 Nd7 11. Rc1 c5 12. Qa4 Qc8 13. dxc5 bxc5 14. Ne5 Nxe5 15. Bxe5 Qb7 16. b3 a5 17. Rfd1 Rfd8 18. Bc3 Qa6 19. e3 Bd7 20. Qf4 Bc6 21. Qg5 Bxg5 0-1